| 000 | 00513nam a2200181 a 4500 | ||
|---|---|---|---|
| 001 | 000010916 | ||
| 005 | 20240412074221.0 | ||
| 008 | 091013s1981 dr 001 p spa d | ||
| 040 |
_aDO-SdBNP _bspa _cBNPHU |
||
| 082 |
_aRD861.44 _bM938h |
||
| 100 | 1 |
_aMoya Cordero, Malaquías _926331 |
|
| 245 | 1 | 0 |
_aHombres / : _bMalaquías Moya Cordero. |
| 260 |
_aSanto Domingo : _bTaller, _c1981. |
||
| 300 |
_a28 p. ; _c20 cm. |
||
| 650 | 0 |
_aPoesía dominicana _966 |
|
| 650 | 0 |
_aLiteratura dominicana. _967 |
|
| 049 | _aBNPD | ||
| 999 |
_c10654 _d10654 |
||